Zmeny v oblasti miezd a odvodov poistného pre rok 2018
Minimálna mzda pre rok 2018.
Guardado en:
| Autor principal: | |
|---|---|
| Formato: | Capítulo de libro |
| Lenguaje: | eslovaco |
| Materias: | |
| Etiquetas: |
Sin Etiquetas, Sea el primero en etiquetar este registro!
|
MARC
| LEADER | 00000nla a2200000 4500 | ||
|---|---|---|---|
| 001 | 0247575 | ||
| 005 | 20240502073949.6 | ||
| 041 | 0 | |a slo | |
| 044 | |a SK | ||
| 245 | 1 | 0 | |a Zmeny v oblasti miezd a odvodov poistného pre rok 2018 |c Jitka Meluchová |
| 520 | |a Minimálna mzda pre rok 2018. | ||
| 610 | 2 | 0 | |a mzdy minimálne |
| 610 | 2 | 0 | |a odvody |
| 610 | 2 | 0 | |a poistné |
| 610 | 2 | 0 | |a legislatíva |
| 610 | 2 | 0 | |a Slovensko |
| 100 | 1 | |a Meluchová, Jitka, 1965- | |